000 00283nam a22001217a 4500
008 171023b xxu||||| |||| 00| 0 eng d
041 _aeng
080 _a338
100 _a54
101 _amo
245 _aAPPLIED PRODUCTION AND OPERATIONS MANAGEMENT
_cEVANS, J.R
942 _2udc
_cBK
999 _c35459
_d35459